000 00560cam a22002171 4500
001 7040967
005 20171215034725.0
008 740109s1964 nyu 000 0 eng
010 _a 63016264
035 _a(OCoLC)773077
040 _aDLC
_cOClU
_dOCoLC
_dDLC
041 _aeng
042 _apremarc
080 _a378.3 BEN
082 _a378.3 BEN
100 1 _a45
101 _aEDU
245 1 0 _aHow to get money for college
_c[by] Benjamin Fine and Sidney A. Eisenberg.
906 _a7
_bcbc
_coclcrpl
_du
_encip
_f19
_gy-gencatlg
942 _2ddc
_cBK
999 _c38956
_d38956